Poema de Mío Cid
Αποθηκεύτηκε σε:
| Κύριος συγγραφέας: | |
|---|---|
| Μορφή: | Βιβλίο |
| Γλώσσα: | Undetermined |
| Έκδοση: |
Santiago, Chile
Zig Zag
1954
|
| Θέματα: | |
| Ετικέτες: |
Προσθήκη ετικέτας
Δεν υπάρχουν, Καταχωρήστε ετικέτα πρώτοι!
|
MARC
| LEADER | 00000nam a2200000Ia 4500 | ||
|---|---|---|---|
| 008 | 170316s9999 xx 000 0 und d | ||
| 040 | |a cru BVZT | ||
| 090 | |a 862 A-28po | ||
| 100 | |a Anónimo | ||
| 245 | |a Poema de Mío Cid | ||
| 260 | |a Santiago, Chile | ||
| 260 | |b Zig Zag | ||
| 260 | |c 1954 | ||
| 300 | |a 393 páginas | ||
| 650 | |a LITERATURA ESPAÑOLA | ||
| 650 | |a NOVELA | ||
| 999 | |c 9420 |d 9420 | ||
| 942 | |c 15 D |h 862 A-28po |2 z | ||
